Sopot - quiz wielokrotnego wyboru - Statystyki

Ogólne statystyki
  • Ten quiz został rozwiązany 730 razy
  • Średni wynik to 7 z 10
Statystyki odpowiedzi
Zagadnienie Odpowiedź % Poprawnych
Jaki obiekt w Sopocie jest najdłuższy w Polsce? Drewniane molo
98%
Jak nazywa się wielofunkcyjna hala widowiskowo-sportowa położona na granicy Sopotu z Gdańskiem? Ergo Arena
90%
Jak nazywa się sopocka ulica, która potocznie jest nazywana Monciakiem? Ul. Bohaterów Monte Cassino
87%
Jak nazywa się słynny amfiteatr w Sopocie, znany z organizacji Międzynarodowego Festiwalu Piosenki i koncertów światowych gwiazd? Opera Leśna
86%
Które z poniższych zdjęć nie przedstawia miejsca znajdującego się w Sopocie?
80%
Jakie dwa zwierzęta znajdują się na herbie Sopotu? Mewa i ryba
70%
Jak nazywa się najdłuższa ulica w Sopocie? Al. Niepodległości
50%
Kto był lekarzem i pionierem, który po wojnach napoleońskich założył pierwsze kąpieliska, czyli łazienki, w Sopocie? Jean Georg Haffner
45%
Jak nazywa się budynek, w którym Iwona Wieczorek bawiła się kilka godzin przed swoim zaginięciem? Krzywy Domek
42%
W jakim sporcie klub z Sopotu wygrał tytuł mistrza jedenastokrotnie, przy czym ostatni raz w 2021 r? W rugby
19%
Nie znaleziono quizów pasujących do podanych kryteriów
Rozkład punktacji
Procent ludzi z każdym wynikiem
Percentyl według liczby udzielonych odpowiedzi
Twoja historia wyników
Nie rozwiązałeś tego quizu